mapa geografia - Statystyki

Ogólne statystyki
  • Ten quiz został rozwiązany 8 razy
    6 od ostatniego zresetowania
  • Średni wynik to 39 z 76
Statystyki odpowiedzi
Hint Odpowiedź % Poprawnych
2 wyspa uznam
100%
1 wyspa wolin
100%
4 mierzeja wiślana
75%
47 barania góra
50%
44 beskid sądecki
50%
43 lewo beskid żywiecki
50%
43 prawo bieszczady
50%
49 góra łysica
50%
48 góra wieżyca
50%
40A góry izerskie
50%
40B góry stołowe
50%
39 góry świętokrzyskie
50%
57 jezioro dąbie
50%
56 jezioro drużno
50%
59 jezioro gardno
50%
66 jezioro goczałkowickie
50%
61 jezioro gopło
50%
52 jezioro hańcza
50%
60 jezioro jamno
50%
53 jezioro jeziorak
50%
63 jezioro jeziorsko
50%
62 jezioro koronkowskie
50%
58 jezioro łebsko
50%
51 jezioro mamry
50%
55 jezioro niegocin
50%
69 jezioro otmuchowskie
50%
50 jezioro śniardwy
50%
68 jezioro solińskie
50%
64 jezioro sulejowskie
50%
70 jezioro turawskie
50%
54 jezioro wigry
50%
65 jezioro włocławskie
50%
67 jezioro zegrzyńskie
50%
71 jezioro żywieckie
50%
38 kotlina jeleniogórska
50%
37 kotlina kłodzka
50%
35 kotlina oświęcimska
50%
36 kotlina sandomierska
50%
26 kotlina warszawska
50%
18 kraina wielkich jezior
50%
40C masyw śnieżnika
50%
3 mierzeja helska
50%
32 niecka nidziańska
50%
24 nizina mazowiecka
50%
27 nizina podlaska
50%
23 nizina śląska
50%
8 nizina szczecińska
50%
21 nizina wielkopolska
50%
42 pieniny
50%
9 pobrzeże słowińskie
50%
16 pojezierze chełmińskie
50%
15 pojezierze dobrzyńskie
50%
12 pojezierze drawskie
50%
20 pojezierze lubuskie
50%
14 pojezierze mazurskie
50%
11 pojezierze pomorskie
50%
17 pojezierze suwalskie
50%
19 pojezierze wielkopolskie
50%
28 polesie lubelskie
50%
40D przedgórze sudeckie
50%
7 przylądek rozewie
50%
25 równina kurpiowska
50%
13 równina tucholska
50%
34 roztocze
50%
45 rysy
50%
46 śnieżka
50%
40 sudety
50%
41 tatry
50%
22 wał trzebnicki
50%
31 wyżyna kielecko-sandomierska
50%
30 wyżyna krakowsko-częstochowska
50%
33 wyżyna lubelska
50%
29 wyżyna śląska
50%
6 zatoka gdańska
50%
5 zatoka pomorska
50%
10 żuławy wiślane
50%
Nie znaleziono quizów pasujących do podanych kryteriów
Rozkład punktacji
Procent ludzi z każdym wynikiem
Percentyl według liczby udzielonych odpowiedzi
Twoja historia wyników
Nie rozwiązałeś tego quizu od ostatniego zresetowania